000 01018njm a22002417a 4500
005 20100901115333.0
006 a|||||r|||||00| 0
007 sd ammalaaahaa
008 100901t xxu||||| |||| 00| 0 eng d
028 _aN 16418
_bHis Master's Voice
035 _aGR-37
040 _aSED
_cSED
100 _aRaj, Kumari Juthika
_917891
245 _aGhunghat ka pat khol:
_bKabirdas Bhajan /
_cby Kumari Juthika Ray
_h[Sound recording]
246 _aघूँघट का पट खोल / कुमारी जुथिका राय
260 _aDUM DUM, India
_bHis Master's Voice
300 _a1 Sound disc [Gramophone Recording] :
_banalog, 33 1/3 rpm
_c9.5 in. (MP)
_fGramophone Record
500 _aBrief record
505 _aSide-2 आज मेरे घर प्रीतम (Aj mere ghar Preetam)(Kumari Juthika Rayrdhan)
650 _aClassical music
_xExcerpts
_zIndia
_917892
942 _2ddc
_cGR
999 _c43365
_d43365